| 000 | 00754cab a2200241 4500 | ||
|---|---|---|---|
| 001 | WB2824-51 | ||
| 008 | 090401t1992 xxu||||| |||| 00| 0 eng d | ||
| 035 | _a(Sirsi) u39366 | ||
| 041 | _aeng | ||
| 245 | _aPilot farm waste plan study areas announced | ||
| 260 | _c1992 | ||
| 350 | _a0 | ||
| 490 |
_aMAFF News Release _v(188/92) 11 June 1992 (3) |
||
| 520 | _aMAFF has launched a pilot study in four river catchments to help farmers draw up their own individual plans for managing farm wastes to reduce pollution. | ||
| 650 | _aDISPOSAL | ||
| 650 | _aFARM WASTE | ||
| 650 | _aPILOT STUDIES | ||
| 650 | _aPOLLUTION CONTROL | ||
| 690 | _aENVIRONMENTAL AND LAND CONSULTANCY | ||
| 690 | _aRURAL PRACTICE | ||
| 942 | _n0 | ||
| 948 | _c04/03/1997 | ||
| 999 |
_c25274 _d25274 |
||